No termites at Saunton (Record no. 67726)
[ view plain ]
| 000 -LEADER | |
|---|---|
| fixed length control field | 00759cam a2200193 4500 |
| 001 - CONTROL NUMBER | |
| control field | WB3728-06 |
| 008 - FIXED-LENGTH DATA ELEMENTS--GENERAL INFORMATION | |
| fixed length control field | 010717n2001 000 0 eng u |
| 035 ## - SYSTEM CONTROL NUMBER | |
| System control number | (Sirsi) u113661 |
| 245 ## - TITLE STATEMENT | |
| Title | No termites at Saunton |
| 260 ## - PUBLICATION, DISTRIBUTION, ETC. | |
| Date of publication, distribution, etc. | 2001 |
| 490 ## - SERIES STATEMENT | |
| Series statement | DTLR News Release |
| Volume/sequential designation | (321) 17 July 2001, (2) |
| 520 ## - SUMMARY, ETC. | |
| Summary, etc. | There has been no termite activity detected at Saunton, Devon, for a year. The DTLR had set up a programme to eradicate and then monitor termite activity following BRE advice in order to ensure the termites were completely eradicated and did not spread to other parts of the country. |
| 590 ## - LOCAL NOTE (RLIN) | |
| Local note | WB |
| 650 ## - SUBJECT ADDED ENTRY--TOPICAL TERM | |
| Topical term or geographic name entry element | TERMITES |
| 650 ## - SUBJECT ADDED ENTRY--TOPICAL TERM | |
| Topical term or geographic name entry element | PEST INFESTATION |
| 650 ## - SUBJECT ADDED ENTRY--TOPICAL TERM | |
| Topical term or geographic name entry element | PEST CONTROL |
| 690 ## - LOCAL SUBJECT ADDED ENTRY--TOPICAL TERM (OCLC, RLIN) | |
| Topical term or geographic name as entry element | BUILT ENVIRONMENT-BUILDING INSPECTION |
| 942 ## - ADDED ENTRY ELEMENTS (KOHA) | |
| Suppress in OPAC | 0 |
| Withdrawn status | Lost status | Source of classification or shelving scheme | Damaged status | Not for loan | Home library | Current library | Shelving location | Date acquired | Total Checkouts | Full call number | Barcode | Date last seen | Copy number | Price effective from | Koha item type |
|---|---|---|---|---|---|---|---|---|---|---|---|---|---|---|---|
| Dewey Decimal Classification | London | London | News article | 17/07/2001 | WB3728-06 | 113661-1001 | 06/08/2019 | 1 | 06/08/2019 | News article |